Fr. Conceicao Rodrigues College of Engineering

Computer fundamentals and programming in fortran 77& pascal (Record no. 31887)

MARC details
000 -LEADER
fixed length control field 00371nam a2200145Ia 4500
082 ## - DEWEY DECIMAL CLASSIFICATION NUMBER
Classification number 001.6424F77
Item number JOS
100 ## - MAIN ENTRY--PERSONAL NAME
Personal name Joshi/ S and others
245 ## - TITLE STATEMENT
Title Computer fundamentals and programming in fortran 77& pascal
260 ## - PUBLICATION, DISTRIBUTION, ETC.
Name of publisher, distributor, etc. Everest publishing co
Place of publication, distribution, etc. Pune
Date of publication, distribution, etc. 1990
300 ## - PHYSICAL DESCRIPTION
Extent 370
546 ## - LANGUAGE NOTE
Language note ENGLISH
654 ## - SUBJECT ADDED ENTRY--FACETED TOPICAL TERMS
Focus term programming in fortran
942 ## - ADDED ENTRY ELEMENTS (KOHA)
Koha item type BOOK
Holdings
Withdrawn status Lost status Damaged status Not for loan Collection Home library Current library Date acquired Source of acquisition Cost, normal purchase price Total Checkouts Full call number Barcode Date last seen Cost, replacement price Price effective from Koha item type
        CRC Fr. Agnel's C.Rodrigues College of Engineering Fr. Agnel's C.Rodrigues College of Engineering 17/03/2023 Progressive Books 80.00   001.6424F77 JOS 3619 17/03/2023 80.00 17/03/2023 BOOK